|
|
|
|
| LEADER |
02005cam a2200541 i 4500 |
| 001 |
nkc20243634052 |
| 003 |
CZ PrNK |
| 005 |
20250318134106.0 |
| 007 |
ta |
| 008 |
240902t20242024xr ac e f 001 0 cze d |
| 015 |
|
|
|a cnb003634052
|
| 020 |
|
|
|a 978-80-7492-704-1
|q (vázáno)
|
| 035 |
|
|
|a (OCoLC)1483792205
|
| 040 |
|
|
|a ABA008
|b cze
|d ABA008
|d LID001
|d ABA001
|e rda
|
| 072 |
|
7 |
|a 61
|x Lékařské vědy. Lékařství
|2 Konspekt
|9 14
|
| 080 |
|
|
|a 61(091)
|2 MRF
|
| 080 |
|
|
|a 611
|2 MRF
|
| 080 |
|
|
|a 088
|2 MRF
|
| 080 |
|
|
|a 0/9
|2 MRF
|
| 080 |
|
|
|a (0.062)
|2 MRF
|
| 100 |
1 |
|
|a Doležal, Antonín,
|d 1929-
|7 jk01022600
|4 aut
|
| 245 |
1 |
0 |
|a Kuriozity v medicíně /
|c Antonín Doležal, Eduard Hábl, Jan Lomíček
|
| 250 |
|
|
|a První vydání
|
| 264 |
|
1 |
|a Praha :
|b Galén,
|c [2024]
|
| 264 |
|
4 |
|c ©2024
|
| 300 |
|
|
|a 247 stran :
|b ilustrace (některé barevné), portréty ;
|c 23 cm
|
| 336 |
|
|
|a text
|b txt
|2 rdacontent
|
| 337 |
|
|
|a bez média
|b n
|2 rdamedia
|
| 338 |
|
|
|a svazek
|b nc
|2 rdacarrier
|
| 504 |
|
|
|a Obsahuje bibliografické odkazy a rejstřík
|
| 650 |
0 |
7 |
|a dějiny lékařství
|7 ph484341
|2 czenas
|
| 650 |
0 |
7 |
|a anatomie člověka
|7 ph118421
|2 czenas
|
| 650 |
0 |
7 |
|a kuriozity, rekordy a zajímavosti
|7 ph115040
|2 czenas
|
| 650 |
0 |
7 |
|a všeobecnosti a zajímavosti
|7 ph116736
|2 czenas
|
| 650 |
0 |
9 |
|a history of medicine
|2 eczenas
|
| 650 |
0 |
9 |
|a human anatomy
|2 eczenas
|
| 650 |
0 |
9 |
|a curiosities, records and wonders
|2 eczenas
|
| 650 |
0 |
9 |
|a facts and features
|2 eczenas
|
| 655 |
|
7 |
|a populárně-naučné publikace
|7 fd131864
|2 czenas
|
| 655 |
|
9 |
|a popular works
|2 eczenas
|
| 700 |
1 |
|
|a Hábl, Eduard
|7 xx0322467
|4 aut
|
| 700 |
1 |
|
|a Lomíček, Jan,
|d 1978-
|7 jo2015856728
|4 aut
|
| 910 |
2 |
|
|a BOA001
|b 2-1486.283
|
| 920 |
|
|
|a 1323951
|z CBA001
|
| 990 |
|
|
|a BK
|
| 995 |
|
|
|a 01
|
| 996 |
6 |
|
|b 2610994192
|c 2-1486.283
|l MZK
|r Sklad / do 1 hodiny
|n 0
|p p.v.
|w 001993338
|u 000010
|a 1
|e BOA001
|j MZK50
|s P
|
| 996 |
7 |
|
|b 2610998309
|c 2-1486.283
|l Vol.výběr
|r VV 0p
|n 3
|p kup
|h 61 DOL
|w 001993338
|u 000020
|a 0
|e BOA001
|j MZK50
|s A
|